[Event "ASEAN-ch 9th"]
[Site "Kuala Lumpur"]
[Date "2017.09.20"]
[Round "5.4"]
[White "Md Nizam, Ahmad Nazmi"]
[Black "Nguyen, Van Quan"]
[Result "0-1"]
[WhiteElo "1420"]
[BlackElo "1939"]
[PlyCount "154"]
[EventDate "2017.09.18"]
[EventType "swiss"]
[EventRounds "6"]
[EventCountry "MAS"]
[SourceTitle "EXT 2024"]
[Source "ChessBase"]
[SourceDate "2023.10.10"]
[SourceVersion "1"]
[SourceVersionDate "2023.10.10"]
[SourceQuality "1"]

1. d4 Nf6 2. Bf4 e6 3. Nf3 d5 4. e3 Bd6 5. Bg3 0-0 6. Bd3 c5 7. c3 b6 8. Nbd2 Bb7 9. 0-0 Bxg3 10. hxg3 Nbd7 11. Qe2 Qc7 12. Rac1 e5 13. dxe5 Nxe5 14. Nxe5 Qxe5 15. Nf3 Qe7 16. Rfd1 Rfd8 17. b3 Rd6 18. Rc2 Rad8 19. Rcd2 g6 20. c4 Kg7 21. a3 dxc4 22. Bxc4 Bxf3 23. gxf3 Qe5 24. Rxd6 Rxd6 25. Rxd6 Qxd6 26. Kf1 Nd7 27. Qd3 Qxd3+ 28. Bxd3 Ne5 29. Ke2 Kf6 30. Bb5 Ke7 31. f4 Nd7 32. Kd3 Kd6 33. e4 f6 34. Kc4 Nb8 35. b4 cxb4 36. Kxb4 a6 37. Bc4 Nc6+ 38. Kc3 b5 39. Bd5 a5 40. Bxc6 Kxc6 41. Kd4 Kd6 42. e5+ fxe5+ 43. fxe5+ Ke6 44. f4 g5 45. f5+ Kxf5 46. Kd5 b4 47. e6 Kf6 48. Kd6 b3 49. e7 b2 50. e8Q b1Q 51. Qe7+ Kg6 52. Qe6+ Kh5 53. Qe2+ Kh6 54. Qe3 a4 55. Kc5 Qb3 56. Qe5 Qxa3+ 57. Kb5 Qb3+ 58. Ka5 Kg6 59. g4 Qf7 60. Qe4+ Kg7 61. Qe5+ Qf6 62. Qc7+ Kh6 63. Qh2+ Kg6 64. Qc2+ Kf7 65. Qc7+ Qe7 66. Qc4+ Qe6 67. Qc7+ Kf6 68. Qd8+ Qe7 69. Qb6+ Kf7 70. Qf2+ Ke8 71. Kxa4 Qd7+ 72. Kb3 Qxg4 73. Qe3+ Kf7 74. Qa7+ Kg6 75. Qe3 Qf5 76. Kc3 h5 77. Qc5 Qxc5+ 0-1

[Event "ASEAN-ch 9th"]
[Site "Kuala Lumpur"]
[Date "2017.09.18"]
[Round "1.1"]
[White "Severino, Sander"]
[Black "Md Nizam, Ahmad Nazmi"]
[Result "1-0"]
[WhiteElo "2358"]
[BlackElo "1420"]
[PlyCount "90"]
[EventDate "2017.09.18"]
[EventType "swiss"]
[EventRounds "6"]
[EventCountry "MAS"]
[SourceTitle "EXT 2024"]
[Source "ChessBase"]
[SourceDate "2023.10.10"]
[SourceVersion "1"]
[SourceVersionDate "2023.10.10"]
[SourceQuality "1"]

1. d4 d5 2. c4 c6 3. Nf3 Nf6 4. e3 Bf5 5. Nc3 e6 6. Nh4 Bg6 7. Nxg6 hxg6 8. Bd2 Nbd7 9. Be2 Bd6 10. h3 a6 11. c5 Bc7 12. Qc2 b6 13. cxb6 Bxb6 14. 0-0 0-0 15. Na4 Ne4 16. Bb4 c5 17. dxc5 a5 18. Nxb6 Nxb6 19. Ba3 Nc8 20. Bd3 Nf6 21. c6 Re8 22. c7 Qd7 23. Qc5 Re7 24. Rac1 Ra7 25. Bb5 Qxc7 26. Qd4 Qb8 27. Bxe7 Nxe7 28. a4 Nf5 29. Rc8+ Qxc8 30. Qxa7 Ne4 31. Qxa5 Qc2 32. Qe1 Nh4 33. Qc1 Qb3 34. Rd1 Ng5 35. Rd3 Qb4 36. Rd4 Nhf3+ 37. gxf3 Nxf3+ 38. Kg2 Nxd4 39. exd4 Qxd4 40. Qc3 Qe4+ 41. f3 Qf4 42. b4 d4 43. Qe1 e5 44. a5 Qg5+ 45. Kh1 Qf4 1-0

[Event "Kuala Lumpur UM KPT op"]
[Site "Kuala Lumpur"]
[Date "2016.12.17"]
[Round "5"]
[White "Md Nizam, Ahmad Nazmi"]
[Black "Rahim, Harith Najmi"]
[Result "1-0"]
[WhiteElo "1418"]
[BlackElo "1258"]
[PlyCount "29"]
[EventDate "2016.12.16"]
[EventType "swiss"]
[EventRounds "9"]
[EventCountry "MAS"]
[SourceTitle "CBM 176 Extra"]
[Source "ChessBase"]
[SourceDate "2017.03.02"]
[SourceVersion "1"]
[SourceVersionDate "2017.03.02"]
[SourceQuality "1"]

1. d4 d5 2. Bf4 Nf6 3. Nf3 e6 4. Nbd2 Nc6 5. c3 Bd6 6. Ne5 0-0 7. e3 Nd7 8. Bd3 Qe7 9. Ndf3 h5 10. Bh7+ Kh8 11. Bc2 Nf6 12. h4 Bxe5 13. dxe5 Ne4 14. Ng5 f5 15. Qxh5+ 1-0

[Event "Kuala Lumpur UM KPT op"]
[Site "Kuala Lumpur"]
[Date "2016.12.17"]
[Round "6"]
[White "Tan, Wei Hao"]
[Black "Md Nizam, Ahmad Nazmi"]
[Result "1-0"]
[WhiteElo "1891"]
[BlackElo "1418"]
[PlyCount "47"]
[EventDate "2016.12.16"]
[EventType "swiss"]
[EventRounds "9"]
[EventCountry "MAS"]
[SourceTitle "CBM 176 Extra"]
[Source "ChessBase"]
[SourceDate "2017.03.02"]
[SourceVersion "1"]
[SourceVersionDate "2017.03.02"]
[SourceQuality "1"]

1. e4 d5 2. exd5 Qxd5 3. Nc3 Qd8 4. d4 c6 5. Bc4 Nf6 6. Nf3 Bg4 7. Bxf7+ Kxf7 8. Ne5+ Kg8 9. Nxg4 e6 10. Qe2 Qe8 11. Nxf6+ gxf6 12. 0-0 h5 13. Re1 Kf7 14. d5 e5 15. Qf3 Bb4 16. Bg5 Nd7 17. Ne4 Be7 18. d6 Bd8 19. Bh4 Kg7 20. Qf5 Rh6 21. Re3 Nf8 22. Rg3+ Kh8 23. Bxf6+ Bxf6 24. Nxf6 1-0